[Event "PCR_ZK02"]
[Site "?"]
[Date "2008.??.??"]
[Round "?"]
[White "Vladyka, Vaclav"]
[Black "Stepan, Josef"]
[Result "1-0"]
[WhiteElo "1921"]
[BlackElo "1600"]
[PlyCount "47"]
[EventDate "2008.??.??"]
[EventType "corr"]
[EventRounds "2"]

1. e4 d6 2. d4 Nf6 3. Nc3 g6 4. Nf3 Bg7 5. Be2 O-O 6. O-O c6 7. Re1 Qc7 8. e5
dxe5 9. Nxe5 Nfd7 10. Nc4 Nb6 11. Ne4 Bf5 12. Bf1 N8d7 13. Bg5 e5 14. Be7 Rfe8
15. Bd6 Qd8 16. dxe5 Nxc4 17. Bxc4 Nxe5 18. Bxe5 Bxe5 19. Qxd8 Rexd8 20. Ng5
Rd7 21. c3 Re7 22. Nxf7 Bxh2+ 23. Kxh2 Rxe1 24. Nd6+ 1-0

[Event "PCR_ZK02"]
[Site "?"]
[Date "2008.??.??"]
[Round "?"]
[White "Stepan, Josef"]
[Black "Lanca, Leo"]
[Result "1-0"]
[WhiteElo "1600"]
[BlackElo "1656"]
[PlyCount "35"]
[EventDate "2008.??.??"]
[EventType "corr"]
[EventRounds "2"]

1. d4 d5 2. c4 dxc4 3. e3 b5 4. a4 b4 5. Bxc4 Bb7 6. Nf3 e6 7. a5 a6 8. O-O Bd6
9. Nbd2 Nd7 10. e4 e5 11. d5 Ngf6 12. Re1 c5 13. Nb3 O-O 14. Qe2 Nh5 15. g3 f5
16. Nh4 Qe8 17. Nxf5 Qg6 18. Nxd6 1-0

[Event "PCR_ZK02"]
[Site "?"]
[Date "2008.??.??"]
[Round "?"]
[White "Vins, Karel"]
[Black "Vladyka, Vaclav"]
[Result "0-1"]
[WhiteElo "1654"]
[BlackElo "1921"]
[PlyCount "57"]
[EventDate "2008.??.??"]
[EventType "corr"]
[EventRounds "2"]

1. e4 c5 2. Nf3 d6 3. d4 cxd4 4. Nxd4 Nf6 5. Nc3 a6 6. Bg5 e6 7. f4 Be7 8. Qf3
Qc7 9. O-O-O Nbd7 10. g4 b5 11. Bxf6 Nxf6 12. g5 Nd7 13. Bd3 Bb7 14. Qe2 d5 15.
e5 b4 16. Nb1 Qa5 17. b3 Qxa2 18. Kd2 Nc5 19. Ke3 Nxd3 20. Qxd3 Bc5 21. Nd2 O-O
22. Ra1 Qb2 23. Rhb1 Qxd4+ 24. Qxd4 Bxd4+ 25. Kxd4 Rfc8 26. Rc1 Rc3 27. Ra2
Rac8 28. Rb2 Rh3 29. Rh1 0-1

[Event "PCR_ZK02"]
[Site "?"]
[Date "2008.??.??"]
[Round "?"]
[White "Vladyka, Vaclav"]
[Black "Lanca, Leo"]
[Result "1-0"]
[WhiteElo "1921"]
[BlackElo "1656"]
[PlyCount "43"]
[EventDate "2008.??.??"]
[EventType "corr"]
[EventRounds "2"]

1. e4 e5 2. Nf3 Nc6 3. Bb5 Bc5 4. c3 Be7 5. O-O Nf6 6. Re1 O-O 7. d4 d5 8. exd5
Nxd5 9. Bxc6 bxc6 10. Nxe5 Bb7 11. Qg4 Kh8 12. Nd2 f5 13. Qh3 Qe8 14. Ndf3 f4
15. Nh4 Bc8 16. Nhg6+ Kg8 17. Nxe7+ Qxe7 18. Qd3 Bf5 19. Qc4 Bd7 20. Bxf4 Rxf4
21. Nxc6 Qd6 22. Ne7+ 1-0

[Event "PCR_ZK02"]
[Site "?"]
[Date "2008.??.??"]
[Round "?"]
[White "Vladyka, Vaclav"]
[Black "Lucan, Zdenko"]
[Result "1-0"]
[WhiteElo "1921"]
[BlackElo "1575"]
[PlyCount "45"]
[EventDate "2008.??.??"]
[EventType "corr"]
[EventRounds "2"]

1. e4 Nc6 2. d4 d5 3. e5 e6 4. Nf3 h6 5. c3 Be7 6. Bd3 f6 7. Nh4 f5 8. Qh5+ Kd7
9. Qf7 Qf8 10. Qxf8 Bxf8 11. Ng6 Rh7 12. Nxf8+ Ke8 13. Nxh7 Nce7 14. Na3 c6 15.
h4 b5 16. Nxb5 cxb5 17. Bxb5+ Bd7 18. Bxd7+ Kxd7 19. Rh3 g6 20. Nf6+ Nxf6 21.
exf6 Kd8 22. f7 Kd7 23. Bxh6 1-0

[Event "PCR_ZK02"]
[Site "?"]
[Date "2008.??.??"]
[Round "?"]
[White "Lanca, Leo"]
[Black "Vladyka, Vaclav"]
[Result "0-1"]
[WhiteElo "1656"]
[BlackElo "1921"]
[PlyCount "48"]
[EventDate "2008.??.??"]
[EventType "corr"]
[EventRounds "2"]

1. b3 e5 2. e4 Nf6 3. Nc3 Bc5 4. h3 O-O 5. Bb2 Nc6 6. Bc4 d6 7. d3 Na5 8. Qd2
c6 9. O-O-O b5 10. b4 Nxc4 11. dxc4 Bxb4 12. cxb5 Nxe4 13. Qe3 Nxc3 14. Bxc3
Bxc3 15. Qxc3 cxb5 16. Qc6 Bf5 17. Qf3 Qg5+ 18. Kb1 Rac8 19. Rc1 Rxc2 20. Rxc2
Rc8 21. Qxf5 Qxf5 22. Nf3 Qxc2+ 23. Ka1 Qc3+ 24. Kb1 Qb4+ 0-1

[Event "PCR_ZK02"]
[Site "?"]
[Date "2008.??.??"]
[Round "?"]
[White "Stepan, Josef"]
[Black "Vladyka, Vaclav"]
[Result "0-1"]
[WhiteElo "1600"]
[BlackElo "1921"]
[PlyCount "84"]
[EventDate "2008.??.??"]
[EventType "corr"]
[EventRounds "2"]

1. d4 d5 2. c4 e6 3. Nc3 Nf6 4. Nf3 c5 5. cxd5 Nxd5 6. e4 Nxc3 7. bxc3 cxd4 8.
cxd4 Bb4+ 9. Bd2 Bxd2+ 10. Qxd2 O-O 11. Bc4 Nc6 12. O-O b6 13. d5 Na5 14. Be2
Bb7 15. dxe6 fxe6 16. Qxd8 Raxd8 17. Ng5 Rde8 18. Bg4 h6 19. Nxe6 Rf6 20. f3
Rfxe6 21. Bxe6+ Rxe6 22. Rfd1 Bc6 23. Rd8+ Kf7 24. Rc1 Ke7 25. Rd4 Nb7 26. Re1
Rg6 27. g3 Rg5 28. f4 Ra5 29. Re2 Bd7 30. f5 Re5 31. g4 Bb5 32. Re3 Rc5 33. h4
Rc1+ 34. Kf2 Rc2+ 35. Kg3 Rxa2 36. g5 hxg5 37. hxg5 Bc6 38. e5 Rg2+ 39. Kh4
Rh2+ 40. Rh3 Re2 41. e6 Nd6 42. Kg4 Re4+ 0-1

[Event "PCR_ZK02"]
[Site "?"]
[Date "2008.??.??"]
[Round "?"]
[White "Vins, Karel"]
[Black "Stepan, Josef"]
[Result "0-1"]
[WhiteElo "1654"]
[BlackElo "1600"]
[PlyCount "64"]
[EventDate "2008.??.??"]
[EventType "corr"]
[EventRounds "2"]

1. e4 c6 2. d4 d5 3. Nc3 dxe4 4. Nxe4 Bf5 5. Ng3 Bg6 6. Nf3 Nd7 7. Bd3 e6 8.
Bxg6 hxg6 9. Bf4 Nb6 10. O-O Bd6 11. Bxd6 Qxd6 12. b3 f6 13. c4 Qd7 14. Re1
O-O-O 15. Ne2 g5 16. h3 Nh6 17. Kf1 g4 18. hxg4 Nxg4 19. Neg1 Rh1 20. Ke2 Nh2
21. Rc1 Nxf3 22. Nxf3 Rxe1+ 23. Qxe1 e5 24. d5 Kb8 25. Qc3 cxd5 26. cxd5 Nxd5
27. Qc2 Nf4+ 28. Kf1 Qb5+ 29. Qc4 Qxc4+ 30. bxc4 Rh8 31. g3 Rh1+ 32. Ng1 Nh3
0-1

[Event "PCR_ZK02"]
[Site "?"]
[Date "2008.??.??"]
[Round "?"]
[White "Stepan, Josef"]
[Black "Vins, Karel"]
[Result "1-0"]
[WhiteElo "1600"]
[BlackElo "1654"]
[PlyCount "67"]
[EventDate "2008.??.??"]
[EventType "corr"]
[EventRounds "2"]

1. d4 d5 2. c4 e6 3. Nf3 Nf6 4. Nc3 c6 5. e3 Qc7 6. Bd3 a6 7. O-O dxc4 8. Bxc4
b5 9. Bd3 g6 10. a3 Bd6 11. e4 Be7 12. e5 Nd5 13. Nxd5 cxd5 14. Bh6 Bf8 15.
Bxf8 Kxf8 16. Ng5 Kg7 17. f4 h6 18. Nf3 Qe7 19. Qe1 Bd7 20. Qg3 f5 21. exf6+
Qxf6 22. Ne5 Be8 23. f5 exf5 24. Bxf5 Qg5 25. Qxg5 hxg5 26. Be6 Ra7 27. Bxd5
Rd7 28. Nxd7 Nxd7 29. Rac1 Rf8 30. Rxf8 Kxf8 31. Bc6 Nb8 32. Bxe8 Kxe8 33. Rc8+
Ke7 34. Rxb8 1-0

[Event "PCR_ZK02"]
[Site "?"]
[Date "2008.??.??"]
[Round "?"]
[White "Lanca, Leo"]
[Black "Lucan, Zdenko"]
[Result "1/2-1/2"]
[WhiteElo "1656"]
[BlackElo "1575"]
[PlyCount "39"]
[EventDate "2008.??.??"]
[EventType "corr"]
[EventRounds "2"]

1. e4 Nc6 2. d4 d5 3. e5 f6 4. Bf4 f5 5. Bg5 Be6 6. Nh3 h6 7. Qh5+ Bf7 8. Qh4
Qd7 9. Bb5 e6 10. Nc3 Bb4 11. a3 Bxc3+ 12. bxc3 a6 13. Bd3 Nce7 14. O-O Ng6 15.
Qg3 hxg5 16. Qxg5 Qe7 17. Qxe7+ N8xe7 18. f3 Rxh3 19. gxh3 O-O-O 20. f4 1/2-1/2

[Event "PCR_ZK02"]
[Site "?"]
[Date "2008.??.??"]
[Round "?"]
[White "Latal, Frantisek"]
[Black "Lanca, Leo"]
[Result "1-0"]
[WhiteElo "2134"]
[BlackElo "1656"]
[PlyCount "47"]
[EventDate "2008.??.??"]
[EventType "corr"]
[EventRounds "2"]

1. e4 Nc6 2. d4 d5 3. e5 Nh6 4. Bxh6 gxh6 5. c3 Bg7 6. Bd3 O-O 7. f4 f5 8. Qf3
Be6 9. Ne2 Na5 10. Nd2 Nc4 11. O-O-O c6 12. Qh3 Nxd2 13. Rxd2 Bd7 14. Ng3 e6
15. Nh5 Qe7 16. Rg1 Be8 17. g4 Bxh5 18. gxf5 exf5 19. Qxh5 Qe6 20. Rdg2 Rf7 21.
Bxf5 Rxf5 22. Rxg7+ Kf8 23. Qh4 h5 24. Rxh7 1-0

[Event "PCR_ZK02"]
[Site "?"]
[Date "2008.??.??"]
[Round "?"]
[White "Lanca, Leo"]
[Black "Latal, Frantisek"]
[Result "0-1"]
[WhiteElo "1656"]
[BlackElo "2134"]
[PlyCount "60"]
[EventDate "2008.??.??"]
[EventType "corr"]
[EventRounds "2"]

1. Nc3 d5 2. d4 Nf6 3. e3 e6 4. Bd3 Bb4 5. Bd2 Nbd7 6. Qe2 O-O 7. O-O-O c5 8.
dxc5 Nxc5 9. a3 Ba5 10. b4 Nxd3+ 11. cxd3 Bb6 12. d4 Bd7 13. Kb1 Rc8 14. h3 Ne4
15. Rc1 Nd6 16. f4 a5 17. Na2 Nc4 18. Rc3 Bb5 19. Qf2 axb4 20. Nxb4 Ra8 21. Bc1
Ba5 22. Bb2 Bxb4 23. axb4 Ra4 24. Ne2 Nxb2 25. Kxb2 Rxb4+ 26. Kc2 Qa5 27. Rc1
Qa2+ 28. Kd1 Rb2 29. R1c2 Ba4 30. Nc1 Qb1 0-1

[Event "PCR_ZK02"]
[Site "?"]
[Date "2008.??.??"]
[Round "?"]
[White "Latal, Frantisek"]
[Black "Lucan, Zdenko"]
[Result "1-0"]
[WhiteElo "2134"]
[BlackElo "1575"]
[PlyCount "54"]
[EventDate "2008.??.??"]
[EventType "corr"]
[EventRounds "2"]

1. e4 c6 2. d4 d5 3. Nc3 dxe4 4. Nxe4 Nd7 5. Nf3 Ndf6 6. Nc5 e6 7. Nd7 Bxd7 8.
Ne5 Bd6 9. Nc4 Bc7 10. Bd3 Ne7 11. O-O g6 12. Ne5 Bxe5 13. dxe5 Nfd5 14. c4 Nb4
15. Bg5 Nxd3 16. Qxd3 O-O 17. Rfd1 Re8 18. Qxd7 Qxd7 19. Rxd7 Nc8 20. g4 h6 21.
Bf6 Nb6 22. Rad1 Reb8 23. Re7 g5 24. Rdd7 Rf8 25. h4 gxh4 26. Rxb7 a6 27. Kh2
Rab8 1-0

[Event "PCR_ZK02"]
[Site "?"]
[Date "2008.??.??"]
[Round "?"]
[White "Lucan, Zdenko"]
[Black "Latal, Frantisek"]
[Result "0-1"]
[WhiteElo "1575"]
[BlackElo "2134"]
[PlyCount "56"]
[EventDate "2008.??.??"]
[EventType "corr"]
[EventRounds "2"]

1. b3 c5 2. Bb2 Nc6 3. c4 Nf6 4. Bxf6 gxf6 5. Nf3 Bg7 6. Nc3 f5 7. Rb1 d6 8. e3
f4 9. Nd5 fxe3 10. Nxe3 Qa5 11. a4 Bd7 12. Nc2 O-O-O 13. Be2 Bf6 14. O-O Rdg8
15. d4 cxd4 16. Ne3 dxe3 17. fxe3 Bg5 18. Nxg5 Qxg5 19. Bf3 Qxe3+ 20. Kh1 Ne5
21. Re1 Qg5 22. Rg1 Rg6 23. Rb2 Rh6 24. g4 Nxf3 25. Rgg2 Bc6 26. Qxf3 Qc1+ 27.
Rg1 Bxf3+ 28. Rbg2 Qf4 0-1

[Event "PCR_ZK02"]
[Site "?"]
[Date "2008.??.??"]
[Round "?"]
[White "Latal, Frantisek"]
[Black "Stepan, Josef"]
[Result "1-0"]
[WhiteElo "2134"]
[BlackElo "1600"]
[PlyCount "49"]
[EventDate "2008.??.??"]
[EventType "corr"]
[EventRounds "2"]

1. e4 d6 2. d4 Nf6 3. Nc3 g6 4. f4 Bg7 5. Nf3 c5 6. Bb5+ Bd7 7. Bxd7+ Nfxd7 8.
d5 Na6 9. O-O O-O 10. Qe2 Nc7 11. a4 b5 12. axb5 Rb8 13. e5 Rb7 14. Rd1 Qb8 15.
Bd2 Nxb5 16. Nxb5 Rxb5 17. e6 Nf6 18. exf7+ Rxf7 19. Ng5 Rf8 20. Bc3 Qb7 21.
Qe6+ Kh8 22. Nf7+ Rxf7 23. Qxf7 h5 24. Re1 e5 25. dxe6 1-0

[Event "PCR_ZK02"]
[Site "?"]
[Date "2008.??.??"]
[Round "?"]
[White "Latal, Frantisek"]
[Black "Vladyka, Vaclav"]
[Result "1-0"]
[WhiteElo "2134"]
[BlackElo "1921"]
[PlyCount "81"]
[EventDate "2008.??.??"]
[EventType "corr"]
[EventRounds "2"]

1. e4 c5 2. f4 g6 3. Nf3 Bg7 4. Bc4 Nc6 5. O-O e6 6. d3 d5 7. Bb5 Nge7 8. c3
O-O 9. Qe2 a6 10. Ba4 b5 11. Bc2 Bb7 12. Nbd2 b4 13. e5 a5 14. Nb3 bxc3 15.
bxc3 c4 16. dxc4 Ba6 17. Bd3 dxc4 18. Bxc4 Qb6+ 19. Kh1 Bxc4 20. Qxc4 Rfc8 21.
Qe2 Nf5 22. g4 Nfe7 23. c4 a4 24. Be3 Qb4 25. Nbd2 Na5 26. Rab1 Qa3 27. Ne4
Rxc4 28. Bc1 Rxc1 29. Rbxc1 Nd5 30. f5 exf5 31. gxf5 Qe3 32. Rfe1 Qxe2 33. Rxe2
gxf5 34. Nd6 Ne7 35. Rg2 Rb8 36. h4 Kf8 37. Ng5 Ng6 38. Nxh7+ Kg8 39. Nf6+ Bxf6
40. exf6 Kh7 41. Rc7 1-0

[Event "PCR_ZK02"]
[Site "?"]
[Date "2008.??.??"]
[Round "?"]
[White "Stepan, Josef"]
[Black "Latal, Frantisek"]
[Result "0-1"]
[WhiteElo "1600"]
[BlackElo "2134"]
[PlyCount "90"]
[EventDate "2008.??.??"]
[EventType "corr"]
[EventRounds "2"]

1. d4 Nf6 2. c4 g6 3. Nc3 Bg7 4. e4 d6 5. f3 O-O 6. Be3 Nc6 7. Qd2 a5 8. O-O-O
a4 9. h4 Nh5 10. Nge2 Na5 11. g4 Nxc4 12. Qd3 Nxe3 13. Qxe3 Nf6 14. e5 Ne8 15.
h5 c6 16. hxg6 fxg6 17. g5 Qb6 18. f4 Nc7 19. Qg3 a3 20. b3 c5 21. Bg2 Bf5 22.
Be4 dxe5 23. fxe5 Bxe4 24. Nxe4 cxd4 25. Nxd4 Rf7 26. Kb1 Ne6 27. Nxe6 Qxe6 28.
Nc5 Qf5+ 29. Nd3 Rd8 30. Rhe1 Qf3 31. Qxf3 Rxf3 32. Nc5 Rxd1+ 33. Rxd1 Bxe5 34.
Nxb7 Rf2 35. Rd8+ Kg7 36. Nc5 Rb2+ 37. Kc1 Bf4+ 38. Kd1 Bxg5 39. Ne6+ Kf6 40.
Nxg5 Kxg5 41. Rd2 Rxd2+ 42. Kxd2 Kf4 43. b4 h5 44. b5 Ke5 45. b6 Kd6 0-1

[Event "PCR_ZK02"]
[Site "?"]
[Date "2008.??.??"]
[Round "?"]
[White "Latal, Frantisek"]
[Black "Vins, Karel"]
[Result "1-0"]
[WhiteElo "2134"]
[BlackElo "1654"]
[PlyCount "61"]
[EventDate "2008.??.??"]
[EventType "corr"]
[EventRounds "2"]

1. e4 c5 2. f4 d5 3. exd5 Nf6 4. Nc3 Nxd5 5. Nf3 Nxc3 6. dxc3 Qxd1+ 7. Kxd1 Bg4
8. Bd3 Nd7 9. Ke2 e6 10. Kf2 Bxf3 11. Kxf3 Bd6 12. Rd1 Bc7 13. Be3 b6 14. a4
Ke7 15. a5 g6 16. Bb5 Bd6 17. Rxd6 Kxd6 18. Rd1+ Ke7 19. Rxd7+ Kf6 20. b4 Rhd8
21. Rb7 cxb4 22. axb6 axb6 23. cxb4 Rab8 24. Bxb6 Rxb7 25. Bxd8+ Kg7 26. c4 Ra7
27. c5 Ra3+ 28. Ke4 f5+ 29. Ke5 Kf7 30. c6 Rc3 31. c7 1-0

[Event "PCR_ZK02"]
[Site "?"]
[Date "2008.??.??"]
[Round "?"]
[White "Vins, Karel"]
[Black "Latal, Frantisek"]
[Result "0-1"]
[WhiteElo "1654"]
[BlackElo "2134"]
[PlyCount "68"]
[EventDate "2008.??.??"]
[EventType "corr"]
[EventRounds "2"]

1. e4 e6 2. d4 d5 3. Nd2 Nf6 4. e5 Nfd7 5. c3 c5 6. f4 cxd4 7. cxd4 Nc6 8. Ngf3
Qb6 9. Nb3 Bb4+ 10. Bd2 a5 11. Bxb4 Qxb4+ 12. Qd2 a4 13. Nc1 Nb6 14. Qxb4 Nxb4
15. Bd3 Bd7 16. a3 Nxd3+ 17. Nxd3 Ke7 18. Kf2 Nc4 19. Rhc1 Rac8 20. Nfe1 f6 21.
exf6+ gxf6 22. Rc3 Nxb2 23. Rxc8 Nxd3+ 24. Nxd3 Rxc8 25. Rc1 Rxc1 26. Nxc1 Bb5
27. Ke3 Bc4 28. Kd2 e5 29. f5 exd4 30. Nd3 Bxd3 31. Kxd3 b5 32. Kxd4 b4 33.
axb4 a3 34. Kc3 d4+ 0-1

[Event "PCR_ZK02"]
[Site "?"]
[Date "2008.??.??"]
[Round "?"]
[White "Lanca, Leo"]
[Black "Stepan, Josef"]
[Result "0-1"]
[WhiteElo "1656"]
[BlackElo "1600"]
[PlyCount "74"]
[EventDate "2008.??.??"]
[EventType "corr"]
[EventRounds "2"]

1. d4 Nf6 2. Nf3 e6 3. Bd2 c5 4. Nc3 b6 5. e3 Bb7 6. Bd3 Be7 7. e4 Nc6 8. e5
cxd4 9. exf6 dxc3 10. Bxc3 Bxf6 11. Qd2 d5 12. Bb5 O-O 13. O-O-O d4 14. Bb4
Nxb4 15. Qxb4 Bxf3 16. gxf3 Qd5 17. Qb3 Qxb3 18. cxb3 Rac8+ 19. Kd2 Rc5 20. Bd3
Bg5+ 21. Ke2 Rfc8 22. Rhe1 Rc1 23. b4 Rxd1 24. Rxd1 Rc1 25. Rxc1 Bxc1 26. b3
Bf4 27. h3 g6 28. Kf1 Kg7 29. Kg2 Kf6 30. Be2 Kg5 31. Bc4 Kf6 32. h4 Kg7 33.
Kh3 e5 34. Bd3 Kh6 35. Bc4 Kh5 36. Bd3 f5 37. Bc2 Bd2 0-1

[Event "PCR_ZK02"]
[Site "?"]
[Date "2008.??.??"]
[Round "?"]
[White "Vladyka, Vaclav"]
[Black "Latal, Frantisek"]
[Result "0-1"]
[WhiteElo "1921"]
[BlackElo "2134"]
[PlyCount "80"]
[EventDate "2008.??.??"]
[EventType "corr"]
[EventRounds "2"]

1. e4 e6 2. d4 d5 3. exd5 exd5 4. Bd3 Bd6 5. Nc3 Nf6 6. Bg5 c6 7. Nge2 O-O 8.
h3 Re8 9. O-O Nbd7 10. Qd2 Nf8 11. Rae1 Ne6 12. Bh4 Be7 13. Bg3 b5 14. a3 a5
15. Ra1 Ba6 16. Be5 Nd7 17. Bh2 Nb6 18. b3 Bg5 19. f4 Bf6 20. Kh1 Nxd4 21. Nxd4
Bxd4 22. Bg1 Bxg1 23. Kxg1 Nc4 24. Qf2 Qf6 25. bxc4 bxc4 26. Bxh7+ Kxh7 27. Na4
Bc8 28. Nb6 Rb8 29. Nxc8 Rexc8 30. Rab1 Rxb1 31. Rxb1 Re8 32. f5 a4 33. Rf1 Re4
34. Kh1 d4 35. Qg3 Re3 36. Qg4 Rxa3 37. Qh5+ Kg8 38. Rb1 Qe5 39. Qh4 f6 40. Qe1
Re3 0-1

[Event "PCR_ZK02"]
[Site "?"]
[Date "2008.??.??"]
[Round "?"]
[White "Vins, Karel"]
[Black "Lucan, Zdenko"]
[Result "1/2-1/2"]
[WhiteElo "1654"]
[BlackElo "1575"]
[PlyCount "57"]
[EventDate "2008.??.??"]
[EventType "corr"]
[EventRounds "2"]

1. e4 Nc6 2. d4 d5 3. e5 f6 4. f4 Bf5 5. c3 e6 6. Nf3 Nge7 7. h3 h6 8. g4 Be4
9. Rh2 f5 10. a3 g6 11. Nbd2 Qd7 12. b4 b5 13. Bxb5 a6 14. Be2 Bxf3 15. Bxf3
Bg7 16. Qe2 Nb8 17. Nb3 Qb5 18. Qxb5+ axb5 19. Nc5 Kf7 20. Bb2 c6 21. a4 bxa4
22. Rxa4 Rxa4 23. Nxa4 Nd7 24. Nc5 Nxc5 25. bxc5 g5 26. fxg5 hxg5 27. Rh1 f4
28. Kd2 Kg6 29. Be2 1/2-1/2

[Event "PCR_ZK02"]
[Site "?"]
[Date "2008.??.??"]
[Round "?"]
[White "Lucan, Zdenko"]
[Black "Vins, Karel"]
[Result "1/2-1/2"]
[WhiteElo "1575"]
[BlackElo "1654"]
[PlyCount "56"]
[EventDate "2008.??.??"]
[EventType "corr"]
[EventRounds "2"]

1. Nc3 d5 2. e4 d4 3. Nce2 e5 4. Ng3 Nc6 5. Bb5 Bd7 6. d3 a6 7. Bxc6 Bxc6 8.
Nf3 Bd6 9. Nf5 g6 10. Nxd6+ Qxd6 11. Bd2 f6 12. O-O g5 13. g3 Bd7 14. Ne1 O-O-O
15. f3 h5 16. Ng2 Ne7 17. a3 Rdf8 18. Rf2 Ng6 19. b3 Qe6 20. Qf1 g4 21. f4 f5
22. Nh4 Nxh4 23. gxh4 fxe4 24. dxe4 exf4 25. Rxf4 Rxf4 26. Qxf4 Qe8 27. Rf1 b6
28. c3 dxc3 1/2-1/2

[Event "PCR_ZK02"]
[Site "?"]
[Date "2008.??.??"]
[Round "?"]
[White "Lucan, Zdenko"]
[Black "Stepan, Josef"]
[Result "0-1"]
[WhiteElo "1575"]
[BlackElo "1600"]
[PlyCount "62"]
[EventDate "2008.??.??"]
[EventType "corr"]
[EventRounds "2"]

1. Nc3 d5 2. e3 e5 3. d3 Nf6 4. Be2 c5 5. Nf3 d4 6. exd4 exd4 7. Ne4 Be7 8.
Nxf6+ Bxf6 9. O-O O-O 10. Bd2 Nc6 11. a3 Be6 12. Ng5 Bxg5 13. Bxg5 Qxg5 14. g3
Rad8 15. f4 Qg6 16. Bf3 Bd5 17. Bxd5 Rxd5 18. Qf3 Rd7 19. Qe4 Qxe4 20. dxe4 Re8
21. Rae1 Rde7 22. e5 f6 23. Kf2 fxe5 24. fxe5 Rxe5 25. Rxe5 Nxe5 26. Kg2 Nc4
27. Rb1 Re2+ 28. Kg1 Rxc2 29. b4 d3 30. Kf1 d2 31. Ke2 Rc1 0-1

[Event "PCR_ZK02"]
[Site "?"]
[Date "2008.??.??"]
[Round "?"]
[White "Lucan, Zdenko"]
[Black "Vladyka, Vaclav"]
[Result "0-1"]
[WhiteElo "1575"]
[BlackElo "1921"]
[PlyCount "68"]
[EventDate "2008.??.??"]
[EventType "corr"]
[EventRounds "2"]

1. d4 d5 2. c4 e6 3. c5 b6 4. b4 Nf6 5. Bg5 h6 6. Bxf6 Qxf6 7. e3 bxc5 8. bxc5
Bxc5 9. Nd2 Bd6 10. Ngf3 O-O 11. Be2 c5 12. O-O cxd4 13. Nxd4 Ba6 14. Bxa6 Nxa6
15. Qf3 Qxf3 16. N2xf3 Rfb8 17. Rab1 Rxb1 18. Rxb1 Rb8 19. Rxb8+ Nxb8 20. Nb5
Bc5 21. g4 Nc6 22. a4 g5 23. Nbd4 Bxd4 24. exd4 f6 25. Kf1 e5 26. dxe5 Nxe5 27.
Nd4 Nxg4 28. h3 Ne5 29. Ke2 Kf7 30. Nb5 a6 31. Ke3 g4 32. h4 f5 33. Kd4 Kf6 34.
Kxd5 Nd3 0-1

[Event "PCR_ZK02"]
[Site "?"]
[Date "2008.??.??"]
[Round "?"]
[White "Lanca, Leo"]
[Black "Vins, Karel"]
[Result "0-1"]
[WhiteElo "1656"]
[BlackElo "1654"]
[PlyCount "84"]
[EventDate "2008.??.??"]
[EventType "corr"]
[EventRounds "2"]

1. c4 c5 2. e4 Nc6 3. Nf3 e5 4. d3 d6 5. Nc3 h6 6. Qb3 Qd7 7. Nd5 Nge7 8. Qa4
Nxd5 9. exd5 Ne7 10. Qb3 b6 11. Bd2 Ng6 12. O-O-O Be7 13. g3 Qc7 14. Bh3 Bxh3
15. Rhg1 Bd7 16. Ne1 f5 17. f4 h5 18. Nf3 Bf6 19. Bc3 Kf7 20. fxe5 Nxe5 21.
Nxe5+ Bxe5 22. Rdf1 g6 23. Qd1 Bxc3 24. bxc3 Rae8 25. Qf3 Qd8 26. h3 Qf6 27.
Kd2 Qg5+ 28. Qf4 Qxf4+ 29. Rxf4 Re7 30. Rf2 Kg7 31. h4 Rhe8 32. Rgf1 Rf7 33.
Rf3 Kh6 34. R3f2 Rfe7 35. Rg1 Rb8 36. Rh1 Ree8 37. Re2 Kg7 38. Ke1 Rxe2+ 39.
Kxe2 Re8+ 40. Kd2 Re7 41. Rc1 Kf7 42. Rf1 Kf6 0-1

[Event "PCR_ZK02"]
[Site "?"]
[Date "2008.??.??"]
[Round "?"]
[White "Vins, Karel"]
[Black "Lanca, Leo"]
[Result "1-0"]
[WhiteElo "1654"]
[BlackElo "1656"]
[PlyCount "83"]
[EventDate "2008.??.??"]
[EventType "corr"]
[EventRounds "2"]

1. e4 e5 2. Nf3 Nc6 3. Bc4 d6 4. d4 exd4 5. Nxd4 Nf6 6. Nc3 g6 7. O-O Bg7 8. f3
O-O 9. Be3 Re8 10. Re1 Bd7 11. a3 Na5 12. Bd3 Nc6 13. Rc1 a6 14. Nce2 b5 15. c3
Qb8 16. Qd2 Be6 17. Nxc6 Qb7 18. Ncd4 Qc8 19. Nxe6 Rxe6 20. c4 bxc4 21. Bxc4
Re7 22. b4 Qd7 23. Nc3 a5 24. bxa5 Ree8 25. Nd5 Rec8 26. Rb1 Nxd5 27. Bxd5 c6
28. Bb3 Qe7 29. a4 Qe5 30. Bf4 Qxa5 31. Qxa5 Rxa5 32. Bxd6 Bd4+ 33. Kf1 Bc3 34.
Red1 Rh5 35. h3 Ra5 36. g4 Rd8 37. Bc2 f6 38. Bc7 Rxd1+ 39. Rxd1 Ra8 40. Bb3+
Kf8 41. Rd8+ Rxd8 42. Bxd8 1-0

[Event "PCR_ZK02"]
[Site "?"]
[Date "2008.??.??"]
[Round "?"]
[White "Vladyka, Vaclav"]
[Black "Vins, Karel"]
[Result "1-0"]
[WhiteElo "1921"]
[BlackElo "1654"]
[PlyCount "123"]
[EventDate "2008.??.??"]
[EventType "corr"]
[EventRounds "2"]

1. e4 e5 2. Nf3 Nc6 3. Bb5 a6 4. Ba4 Nf6 5. O-O Be7 6. Re1 b5 7. Bb3 d6 8. c3
O-O 9. h3 Na5 10. Bc2 c5 11. d4 Qc7 12. Nbd2 Bd7 13. Nf1 Nc4 14. b3 Nb6 15. Bb2
g6 16. Qd2 Rfe8 17. Ng3 Bf8 18. d5 Kh8 19. Bd3 Ng8 20. c4 b4 21. a3 a5 22. axb4
axb4 23. h4 Rxa1 24. Rxa1 Ra8 25. Rxa8 Nxa8 26. h5 Bh6 27. Qe1 Qc8 28. Qa1 f6
29. hxg6 hxg6 30. Qa7 Nc7 31. Qb6 Ne8 32. Bc2 Qc7 33. Qa6 Bc8 34. Qa4 Qd7 35.
Qa8 Qb7 36. Qa5 Qd7 37. Kf1 Kg7 38. Ke2 Kf7 39. Qa1 Ne7 40. Qh1 Bf4 41. Qh7+
Ng7 42. Nf1 Ng8 43. N1h2 Bh6 44. Nh4 g5 45. Nf5 Qd8 46. Nxh6+ Nxh6 47. Qxh6 Qf8
48. Nf1 Ne8 49. Qh5+ Ke7 50. Ne3 Qg8 51. Nf5+ Kd8 52. g4 Bxf5 53. gxf5 Ke7 54.
Bd1 Qg7 55. Kd3 Qg8 56. Qh1 Ng7 57. Bg4 Kf7 58. Qa1 Qb8 59. Qa6 Ke7 60. Bc1 Kf7
61. Bd2 Ke7 62. f3 1-0

[Event "PCR_ZK02"]
[Site "?"]
[Date "2008.??.??"]
[Round "?"]
[White "Stepan, Josef"]
[Black "Lucan, Zdenko"]
[Result "1-0"]
[WhiteElo "1600"]
[BlackElo "1575"]
[PlyCount "101"]
[EventDate "2008.??.??"]
[EventType "corr"]
[EventRounds "2"]

1. d4 d5 2. Nf3 Nf6 3. Bg5 Nbd7 4. e3 h6 5. Bh4 e6 6. Bd3 Be7 7. Nbd2 O-O 8.
O-O b6 9. Bg3 c5 10. c3 c4 11. Be2 Ne4 12. Nxe4 dxe4 13. Nd2 b5 14. Nxe4 Bb7
15. Bf3 Bd5 16. Qc2 f5 17. Nd2 Bxf3 18. Nxf3 Nf6 19. Ne5 Qd5 20. Ng6 Rfe8 21.
Nxe7+ Rxe7 22. Bh4 g5 23. Bg3 Ne4 24. Be5 Nd6 25. Qe2 Kh7 26. Bxd6 Qxd6 27. e4
Qf4 28. exf5 Qxf5 29. Rfe1 Rae8 30. Qe5 Qxe5 31. Rxe5 a6 32. a4 Rb8 33. axb5
axb5 34. Ra6 b4 35. cxb4 Rxb4 36. Raxe6 Rxe6 37. Rxe6 Rxb2 38. h3 c3 39. Rc6 c2
40. Kh2 Kg7 41. Kg3 Kf7 42. Kf3 Ke7 43. Ke3 Kd7 44. Rc3 Kd6 45. Kd3 c1=N+ 46.
Rxc1 Rxf2 47. Rc2 Rxc2 48. Kxc2 Kd5 49. Kd3 h5 50. g4 h4 51. Ke3 1-0

[Event "PCR_ZK02"]
[Site "?"]
[Date "2008.??.??"]
[Round "?"]
[White "Lucan, Zdenko"]
[Black "Lanca, Leo"]
[Result "1-0"]
[WhiteElo "1575"]
[BlackElo "1656"]
[PlyCount "33"]
[EventDate "2008.??.??"]
[EventType "corr"]
[EventRounds "2"]

1. e4 e5 2. Nf3 Nc6 3. Bc4 Bc5 4. d3 Nf6 5. Nc3 d6 6. O-O h6 7. h3 O-O 8. Na4
a6 9. Nxc5 dxc5 10. a4 b5 11. axb5 axb5 12. Bxf7+ Rxf7 13. Rxa8 b4 14. Be3 Nd4
15. Nxe5 Re7 16. Bxd4 cxd4 17. Nc6 1-0